[Event "GBR-ch 109th"]
[Site "Leicester"]
[Date "2023.07.24"]
[Round "3"]
[White "Mihalik, Agoston"]
[Black "Han, Yichen"]
[Result "0-1"]
[WhiteElo "2136"]
[BlackElo "2413"]
[PlyCount "172"]
[EventDate "2023.07.22"]
[EventType "swiss"]
[EventRounds "9"]
[EventCountry "ENG"]
[SourceTitle "CBM 215 Extra"]
[Source "ChessBase"]
[SourceDate "2023.09.30"]
[SourceVersion "1"]
[SourceVersionDate "2023.09.30"]
[SourceQuality "1"]

1. e4 c5 2. Nf3 e6 3. g3 Nc6 4. Bg2 Nf6 5. Qe2 e5 6. 0-0 Be7 7. d3 d6 8. Bg5 0-0 9. c3 Re8 10. Na3 Be6 11. Nc4 h6 12. Bxf6 Bxf6 13. Ne3 g6 14. Nd2 Bg7 15. h4 h5 16. Kh2 Ne7 17. c4 Nc6 18. Nf3 Rb8 19. b3 a6 20. Rab1 b5 21. Ng5 Nd4 22. Qd2 Bg4 23. f3 Bd7 24. Qf2 f6 25. Nh3 Rf8 26. f4 f5 27. exf5 Nxf5 28. Nd5 Nh6 29. Kh1 Bf5 30. Qd2 Ng4 31. Rbe1 Qd7 32. Ng5 Rbe8 33. Ne3 Nxe3 34. Qxe3 Bf6 35. Ne4 Bg7 36. Ng5 Bh6 37. Bd5+ Kg7 38. fxe5 Rxe5 39. Qf4 Bxg5 40. hxg5 Be4+ 41. Bxe4 Rxf4 42. gxf4 Qh3+ 43. Kg1 Qg3+ 44. Kh1 Re8 45. Re2 Rf8 46. Ref2 Qh3+ 47. Kg1 Qe3 48. Kg2 Re8 49. Rf3 Qd4 50. Re1 bxc4 51. bxc4 d5 52. cxd5 c4 53. Rfe3 c3 54. R3e2 Rb8 55. Kf3 Rb2 56. Rc1 Qa4 57. d6 Qd7 58. Rxb2 Qh3+ 59. Kf2 cxb2 60. Rb1 Qh2+ 61. Ke3 Kf7 62. d4 Ke6 63. Bxg6 Qg3+ 64. Ke4 Qc3 65. d7 Kxd7 66. Ke5 Qc7+ 67. Kf6 Qxf4+ 68. Bf5+ Ke8 69. d5 Qd4+ 70. Ke6 Qe3+ 71. Kf6 Qe7+ 72. Kg6 Qf7+ 73. Kh6 Qxf5 74. Rxb2 Qf8+ 75. Kh7 Qe7+ 76. Kh6 Qd6+ 77. Kh7 Qc7+ 78. Kh6 Kf8 79. Rf2+ Kg8 80. Kxh5 Qg3 81. Rd2 Kg7 82. Rd4 Qh3+ 83. Rh4 Qf3+ 84. Rg4 Qf7+ 85. g6 Qxd5+ 86. Rg5 Qxa2 0-1

[Event "Budapest FS06 IM"]
[Site "Budapest"]
[Date "2021.06.11"]
[Round "6"]
[White "Papadiamandis, Elliot"]
[Black "Mihalik, Agoston"]
[Result "1/2-1/2"]
[WhiteElo "2333"]
[BlackElo "2194"]
[PlyCount "110"]
[EventDate "2021.06.05"]
[EventType "tourn"]
[EventRounds "9"]
[EventCountry "HUN"]
[EventCategory "2"]
[SourceTitle "CBM 202 Extra"]
[Source "ChessBase"]
[SourceDate "2021.07.31"]
[SourceVersion "1"]
[SourceVersionDate "2021.07.31"]
[SourceQuality "1"]

1. e4 c5 2. Nf3 e6 3. Nc3 a6 4. d4 cxd4 5. Nxd4 Qc7 6. Bd3 Nf6 7. 0-0 Bc5 8. Nb3 Ba7 9. Kh1 h5 10. Qf3 d6 11. Be3 Bxe3 12. Qxe3 Nbd7 13. Rad1 0-0 14. Be2 b5 15. a3 Bb7 16. Qd4 Nc5 17. Qxd6 Qxd6 18. Rxd6 Ncxe4 19. Nxe4 Nxe4 20. Rb6 Bd5 21. Bxh5 Bxb3 22. cxb3 Rfb8 23. Rc6 Rc8 24. Rfc1 Rxc6 25. Rxc6 Nxf2+ 26. Kg1 Nd3 27. Be2 Ne5 28. Rb6 Nd7 29. Rc6 Ne5 30. Rb6 Nd7 31. Rd6 Ne5 32. b4 Kf8 33. b3 Ke7 34. Rb6 Nd7 35. Rb7 Rb8 36. Ra7 Rb6 37. Bf3 Kd6 38. Bb7 Nb8 39. h4 Ke5 40. Bf3 Kf6 41. Rc7 Rd6 42. a4 Nd7 43. Be2 Nb6 44. axb5 axb5 45. Bxb5 Nd5 46. Ra7 Rd8 47. Kf2 Nxb4 48. g4 Rb8 49. Bc4 Nc6 50. g5+ Kg6 51. h5+ Kxh5 52. Rxf7 Kxg5 53. Rxg7+ Kf6 54. Rh7 Nd4 55. Ke3 Ke5 1/2-1/2

[Event "London Classic rapid op 11th"]
[Site "London"]
[Date "2019.12.07"]
[Round "7"]
[White "Mihalik, Agoston"]
[Black "Nayak, Raghav"]
[Result "1-0"]
[WhiteElo "2168"]
[BlackElo "1715"]
[PlyCount "81"]
[EventDate "2019.12.07"]
[EventType "swiss (rapid)"]
[EventRounds "7"]
[EventCountry "ENG"]
[SourceTitle "CBM 195 Extra"]
[Source "ChessBase"]
[SourceDate "2020.05.31"]
[SourceVersion "1"]
[SourceVersionDate "2020.05.31"]
[SourceQuality "1"]

1. e4 e5 2. Nf3 Nc6 3. d4 exd4 4. Bc4 Nf6 5. e5 d5 6. Bb5 Ne4 7. Nxd4 Bc5 8. Be3 0-0 9. Bxc6 bxc6 10. 0-0 Qe8 11. Nd2 Bb7 12. N2b3 Bb6 13. f3 Nd6 14. Bf4 Nc4 15. Re1 Nxb2 16. Qe2 c5 17. Nf5 Qe6 18. g4 Kh8 19. Kg2 a5 20. Nd2 Ba6 21. Qf2 Nc4 22. Nf1 Rae8 23. N1g3 g6 24. Nh6 f6 25. exf6 Qxf6 26. Rxe8 Rxe8 27. Re1 Rxe1 28. Qxe1 Qxf4 29. Qe8+ Kg7 30. Ngf5+ gxf5 31. Nxf5+ Qxf5 32. gxf5 Nd6 33. Qd7+ Kf6 34. Qe6+ Kg5 35. f6 Bc8 36. Qxc8 Kxf6 37. Qh8+ Kg6 38. Qg8+ Kh6 39. f4 Ne4 40. Qxd5 Nf6 41. Qg5# 1-0

[Event "London Classic rapid op 11th"]
[Site "London"]
[Date "2019.12.07"]
[Round "5"]
[White "Mihalik, Agoston"]
[Black "Stoyanov, Viktor"]
[Result "0-1"]
[WhiteElo "2168"]
[BlackElo "2012"]
[PlyCount "90"]
[EventDate "2019.12.07"]
[EventType "swiss (rapid)"]
[EventRounds "7"]
[EventCountry "ENG"]
[SourceTitle "CBM 195 Extra"]
[Source "ChessBase"]
[SourceDate "2020.05.31"]
[SourceVersion "1"]
[SourceVersionDate "2020.05.31"]
[SourceQuality "1"]

1. e4 c5 2. Nf3 d6 3. Bb5+ Nd7 4. 0-0 a6 5. Bd3 Ngf6 6. Re1 e6 7. c3 b5 8. a4 c4 9. Bf1 Bb7 10. axb5 axb5 11. Rxa8 Qxa8 12. Na3 Be7 13. Nxb5 0-0 14. Bxc4 Bxe4 15. Nbd4 Ne5 16. Nxe5 dxe5 17. Nf3 Bc5 18. d3 Rd8 19. Qe2 Bb7 20. b4 Ba7 21. Be3 e4 22. dxe4 Nxe4 23. Ra1 Bxe3 24. Rxa8 Bxf2+ 25. Kf1 Rxa8 26. g3 Bb6 27. Ne1 Nxc3 28. Qd3 Ne4 29. Qd7 Rb8 30. Bxe6 Nf6 31. Qxf7+ Kh8 32. Ke2 Ba6+ 33. Bc4 Bb7 34. Nd3 Re8+ 35. Kd1 Bf3+ 36. Kc2 Bd4 37. Nf4 Be4+ 38. Kb3 Bf3 39. Kc2 Rc8 40. Qe6 Bg4 41. Qa6 Bf5+ 42. Kb3 Ne4 43. Bd3 Nd2+ 44. Ka2 Rc1 45. Qa8+ Bc8 0-1

[Event "London Classic rapid op 11th"]
[Site "London"]
[Date "2019.12.07"]
[Round "2"]
[White "Rahman, Asad"]
[Black "Mihalik, Agoston"]
[Result "0-1"]
[WhiteElo "2000"]
[BlackElo "2168"]
[PlyCount "104"]
[EventDate "2019.12.07"]
[EventType "swiss (rapid)"]
[EventRounds "7"]
[EventCountry "ENG"]
[SourceTitle "CBM 195 Extra"]
[Source "ChessBase"]
[SourceDate "2020.05.31"]
[SourceVersion "1"]
[SourceVersionDate "2020.05.31"]
[SourceQuality "1"]

1. e4 c5 2. Nf3 d6 3. d4 cxd4 4. Nxd4 Nf6 5. Nc3 a6 6. Bg5 Nbd7 7. Qd2 h6 8. Be3 Ng4 9. 0-0-0 Nxe3 10. Qxe3 e6 11. f4 Qc7 12. Kb1 Be7 13. f5 Ne5 14. fxe6 fxe6 15. Be2 0-0 16. h4 b5 17. Rdf1 Nc4 18. Bxc4 Qxc4 19. Rxf8+ Bxf8 20. g4 b4 21. Nce2 e5 22. Nf5 Bxf5 23. gxf5 Be7 24. Qd3 Qxd3 25. cxd3 Rd8 26. d4 exd4 27. Nxd4 Bf6 28. Nc6 Re8 29. Re1 Bxh4 30. Re2 a5 31. Nxa5 Rc8 32. Nb7 Bg3 33. Rg2 Be5 34. Rg6 Bf4 35. b3 Rc1+ 36. Kb2 Rc6 37. Nd8 Rc8 38. Ne6 Be5+ 39. Kb1 Kf7 40. Rg2 Rc3 41. Nd8+ Kg8 42. Rc2 h5 43. Rxc3 Bxc3 44. Ne6 Be5 45. a3 bxa3 46. b4 h4 47. b5 h3 48. b6 h2 49. b7 h1Q+ 50. Ka2 Qa1+ 51. Kb3 Qb2+ 52. Kc4 Qxb7 0-1

[Event "London Classic Weekend op 11th"]
[Site "London"]
[Date "2019.11.29"]
[Round "1"]
[White "Lim, Mark"]
[Black "Mihalik, Agoston"]
[Result "0-1"]
[WhiteElo "1807"]
[BlackElo "2196"]
[PlyCount "96"]
[EventDate "2019.11.29"]
[EventType "swiss"]
[EventRounds "5"]
[EventCountry "ENG"]
[SourceTitle "CBM 193 Extra"]
[Source "ChessBase"]
[SourceDate "2020.01.31"]
[SourceVersion "1"]
[SourceVersionDate "2020.01.31"]
[SourceQuality "1"]

1. d4 Nf6 2. Nf3 d5 3. e3 c5 4. Nbd2 Nc6 5. c3 cxd4 6. exd4 g6 7. Bb5 Nd7 8. 0-0 Bg7 9. Re1 0-0 10. Nb3 h6 11. Bf4 Ncb8 12. Qd2 Kh7 13. Nc1 a6 14. Bf1 Nf6 15. Nd3 Bf5 16. Nc5 Ne4 17. Nxe4 Bxe4 18. Ne5 Nd7 19. Nd3 Rc8 20. f3 Bxd3 21. Bxd3 e6 22. Bg3 Nb6 23. Qf2 Nc4 24. Rab1 Rc6 25. Bf4 Bf6 26. g3 Kg7 27. Bxc4 Rxc4 28. Qd2 Rh8 29. Kf2 b5 30. a3 Qb6 31. Kg2 a5 32. Be5 Bxe5 33. Rxe5 Rhc8 34. Re3 b4 35. axb4 axb4 36. Rc1 Qc7 37. Rd3 Rc6 38. Qe3 Ra8 39. Qe5+ Qxe5 40. dxe5 Ra2 41. Kh3 Rxb2 42. Rd4 bxc3 43. Rf4 c2 44. Ra1 c1Q 45. Ra7 Rxh2+ 46. Kxh2 Rc2+ 47. Kh3 Qh1+ 48. Kg4 Qh5# 0-1

[Event "Dublin Irish op"]
[Site "Dublin"]
[Date "2019.04.21"]
[Round "7"]
[White "Epishin, Vladimir"]
[Black "Mihalik, Agoston"]
[Result "1-0"]
[WhiteElo "2568"]
[BlackElo "2203"]
[PlyCount "93"]
[EventDate "2019.04.17"]
[EventType "swiss"]
[EventRounds "9"]
[EventCountry "IRL"]
[SourceTitle "CBM 189 Extra"]
[Source "ChessBase"]
[SourceDate "2019.06.03"]
[SourceVersion "1"]
[SourceVersionDate "2019.06.03"]
[SourceQuality "1"]

1. c4 Nf6 2. Nc3 e6 3. d4 Bb4 4. Bd2 0-0 5. Nf3 b6 6. e3 Bxc3 7. Bxc3 Ne4 8. Bb4 d6 9. Nd2 Nxd2 10. Qxd2 c5 11. Bc3 Qe7 12. Be2 Bb7 13. 0-0 Nd7 14. Rfd1 Rfd8 15. f3 Nf8 16. Bf1 Ng6 17. Qf2 Rd7 18. Rd2 Rad8 19. Rad1 f5 20. b4 cxd4 21. exd4 Rc8 22. Bb2 Rdc7 23. Rc2 e5 24. Qe3 e4 25. d5 Ne5 26. Bxe5 Qxe5 27. fxe4 fxe4 28. Rd4 Re8 29. Rf2 Bc8 30. Be2 Rce7 31. Rd1 g6 32. c5 bxc5 33. bxc5 dxc5 34. d6 Rd7 35. Bb5 Red8 36. Qb3+ Kg7 37. Bxd7 Rxd7 38. Rd5 Qe6 39. Qc3+ Kh6 40. Qe3+ Kg7 41. Qf4 Rd8 42. Rxc5 e3 43. Rc7+ Kg8 44. Re2 Rxd6 45. Rxe3 Rd1+ 46. Kf2 Qxa2+ 47. Re2 1-0

[Event "London Classic op 10th"]
[Site "London"]
[Date "2018.12.15"]
[Round "7"]
[White "Gilevich, Artem"]
[Black "Mihalik, Agoston"]
[Result "1-0"]
[WhiteElo "2409"]
[BlackElo "2220"]
[PlyCount "141"]
[EventDate "2018.12.09"]
[EventType "swiss"]
[EventRounds "9"]
[EventCountry "ENG"]
[SourceTitle "CBM 187 Extra"]
[Source "ChessBase"]
[SourceDate "2018.11.04"]
[SourceVersion "1"]
[SourceVersionDate "2018.11.04"]
[SourceQuality "1"]

1. Nf3 d5 2. d4 Nf6 3. c4 e6 4. g3 Be7 5. Bg2 0-0 6. 0-0 dxc4 7. Na3 a6 8. Nxc4 b5 9. Nfe5 Ra7 10. Na5 Bd7 11. Bd2 Nd5 12. Rc1 f6 13. Nd3 Kh8 14. Qb3 Be8 15. e4 Nb6 16. Bb4 Bxb4 17. Qxb4 Qd6 18. b3 Bh5 19. e5 fxe5 20. dxe5 Qxb4 21. Nxb4 c5 22. Rxc5 N6d7 23. Rcc1 Nxe5 24. f4 Be2 25. fxe5 Bxf1 26. Rxf1 Rxf1+ 27. Kxf1 Rc7 28. Nbc6 Nxc6 29. Nxc6 Kg8 30. Ke2 Kf8 31. Be4 h5 32. Nd4 Kf7 33. Bc6 g5 34. Kd3 h4 35. g4 Kg6 36. Be4+ Kf7 37. Nf3 Rc1 38. Nxg5+ Ke7 39. Nf3 h3 40. Bb7 a5 41. a4 bxa4 42. bxa4 Rb1 43. Bc6 Rb4 44. g5 Rg4 45. Ke3 Kf7 46. Be4 Rg2 47. Kf4 Kg7 48. Bd3 Ra2 49. Bb5 Rg2 50. Bc4 Kf7 51. Bb5 Kg7 52. Ke3 Kf7 53. Kd4 Rf2 54. Ke4 Rb2 55. Ke3 Rg2 56. Be2 Rg4 57. Bd1 Ke8 58. Bc2 Rg2 59. Be4 Kf7 60. Kf4 Ra2 61. g6+ Kg7 62. Ng5 Rxh2 63. Nxe6+ Kg8 64. Ng5 Kg7 65. e6 Rf2+ 66. Kg3 Rf8 67. Kxh3 Rh8+ 68. Kg4 Kf6 69. Bf5 Ke7 70. Nh7 Rb8 71. Kg5 1-0

[Event "London Classic op 10th"]
[Site "London"]
[Date "2018.12.14"]
[Round "6"]
[White "Mihalik, Agoston"]
[Black "Flear, Glenn C"]
[Result "1/2-1/2"]
[WhiteElo "2220"]
[BlackElo "2451"]
[PlyCount "59"]
[EventDate "2018.12.09"]
[EventType "swiss"]
[EventRounds "9"]
[EventCountry "ENG"]
[SourceTitle "CBM 187 Extra"]
[Source "ChessBase"]
[SourceDate "2018.11.04"]
[SourceVersion "1"]
[SourceVersionDate "2018.11.04"]
[SourceQuality "1"]

1. e4 e5 2. Nf3 Nc6 3. d4 exd4 4. Nxd4 Qf6 5. Nf3 Bb4+ 6. c3 Bc5 7. Be2 h6 8. 0-0 Nge7 9. Nbd2 d6 10. e5 Nxe5 11. Ne4 Qf5 12. Nxc5 Nxf3+ 13. Bxf3 Qxc5 14. Re1 Be6 15. Bxb7 Rb8 16. Qa4+ Bd7 17. Qh4 g5 18. Qe4 0-0 19. Be3 Qe5 20. b3 Qxe4 21. Bxe4 a5 22. Bd4 f5 23. Bf3 Ng6 24. c4 a4 25. c5 dxc5 26. Bxc5 Rfe8 27. Bd5+ Kg7 28. Bd4+ Kf8 29. Bc5+ Kg7 30. Bd4+ 1/2-1/2

[Event "London Classic op 10th"]
[Site "London"]
[Date "2018.12.10"]
[Round "2"]
[White "Mihalik, Agoston"]
[Black "Fowler, Hugo"]
[Result "1/2-1/2"]
[WhiteElo "2220"]
[BlackElo "1799"]
[PlyCount "138"]
[EventDate "2018.12.09"]
[EventType "swiss"]
[EventRounds "9"]
[EventCountry "ENG"]
[SourceTitle "CBM 187 Extra"]
[Source "ChessBase"]
[SourceDate "2018.11.04"]
[SourceVersion "1"]
[SourceVersionDate "2018.11.04"]
[SourceQuality "1"]

1. e4 e5 2. Nf3 Nc6 3. d4 exd4 4. Nxd4 Bc5 5. Nb3 Bb6 6. Nc3 Nf6 7. Bg5 h6 8. Bh4 d6 9. f3 g5 10. Bg3 a6 11. Qd2 Be6 12. 0-0-0 Qe7 13. Bf2 Nd7 14. g3 Nce5 15. Bg2 Nc4 16. Qe2 Qf6 17. Bd4 Bxd4 18. Nxd4 0-0-0 19. Nxe6 Qxe6 20. h4 Ncb6 21. Qf2 Kb8 22. Kb1 Ne5 23. Nd5 Nxd5 24. exd5 Qd7 25. Rd4 Qb5 26. Rhd1 Rhe8 27. Bf1 Qc5 28. hxg5 hxg5 29. c3 g4 30. Bg2 gxf3 31. Bxf3 Nxf3 32. Qxf3 Re7 33. Rf4 Rf8 34. g4 Qe3 35. Rf1 Qxf3 36. R1xf3 Rg8 37. Kc2 Re2+ 38. Kb3 Rg2 39. Rxf7 R2xg4 40. a4 R8g5 41. c4 Rg3 42. Rf8+ Ka7 43. a5 Rxf3+ 44. Rxf3 b6 45. Rf7 Kb7 46. axb6 Kxb6 47. Kb4 c5+ 48. Ka4 Rg2 49. Ka3 Rg3+ 50. Ka2 Rh3 51. Rd7 Rh6 52. Kb3 Rh3+ 53. Kc2 Rh2+ 54. Kd3 Rh6 55. Ke3 Ka5 56. Rb7 Rh4 57. Kd3 Rg4 58. Kc3 Rg3+ 59. Kc2 Rg2+ 60. Kb3 Rg3+ 61. Ka2 Rh3 62. b3 Rg3 63. Kb2 Rh3 64. Kc2 Rc3+ 65. Kb2 Rh3 66. Rd7 Kb4 67. Rb7+ Ka5 68. Ka2 Rh2+ 69. Ka3 Ra2+ 1/2-1/2

[Event "London Classic op 10th"]
[Site "London"]
[Date "2018.12.09"]
[Round "1"]
[White "Finn, Peter"]
[Black "Mihalik, Agoston"]
[Result "1/2-1/2"]
[WhiteElo "1820"]
[BlackElo "2220"]
[PlyCount "51"]
[EventDate "2018.12.09"]
[EventType "swiss"]
[EventRounds "9"]
[EventCountry "ENG"]
[SourceTitle "CBM 187 Extra"]
[Source "ChessBase"]
[SourceDate "2018.11.04"]
[SourceVersion "1"]
[SourceVersionDate "2018.11.04"]
[SourceQuality "1"]

1. e4 c5 2. Nf3 d6 3. d4 cxd4 4. Nxd4 Nf6 5. f3 e5 6. Nb3 Be6 7. c4 Nbd7 8. Be3 Rc8 9. Nc3 a6 10. g4 h6 11. Qd2 Nb6 12. Na5 Nxc4 13. Nxc4 Bxc4 14. Bxc4 Rxc4 15. 0-0-0 Be7 16. Kb1 Rc6 17. h4 Nd7 18. Rdg1 Nf8 19. Nd5 Bxh4 20. g5 hxg5 21. Qb4 Ng6 22. Qxb7 Qc8 23. Qa7 Qd7 24. Qa8+ Qc8 25. Qa7 Qd7 26. Qa8+ 1/2-1/2